|
|
|
|
| LEADER |
00000nam0a2200000 4500 |
| 001 |
303914 |
| 005 |
20231102001641.0 |
| 020 |
|
|
|a RU
|b 83-35244
|
| 035 |
|
|
|a (RuTPU)RU\TPU\book\329149
|
| 090 |
|
|
|a 303914
|
| 100 |
|
|
|a 20150907d1983 k y0rusy5003 ca
|
| 101 |
0 |
|
|a rus
|
| 102 |
|
|
|a RU
|
| 105 |
|
|
|a a z 000zy
|
| 200 |
1 |
|
|a Совершенствование конструктивных форм, методов расчета и проектирования железобетонных конструкций
|e сборник научных трудов
|g Под ред. К. В. Михайлова
|f Научно-исследовательский институт бетона и железобетона (НИИЖБ) ; под ред. К. В. Михайлова
|
| 210 |
|
|
|a Москва
|c Изд-во НИИЖБ
|d 1983
|
| 215 |
|
|
|a 211 с.
|c ил.
|
| 606 |
1 |
|
|a Железобетонные конструкции
|2 stltpush
|3 (RuTPU)RU\TPU\subj\10630
|9 37672
|
| 610 |
1 |
|
|a конструктивные формы
|
| 610 |
1 |
|
|a совершенствование
|
| 610 |
1 |
|
|a расчет
|
| 610 |
1 |
|
|a методы
|
| 610 |
1 |
|
|a проектирование
|
| 610 |
1 |
|
|a применение
|
| 675 |
|
|
|a 624.012.45.04
|z rus
|v 4
|
| 702 |
|
1 |
|a Михайлов
|b К. В.
|4 340
|
| 712 |
0 |
2 |
|a Научно-исследовательский институт бетона и железобетона (НИИЖБ)
|2 stltpush
|3 (RuTPU)RU\TPU\col\20214
|
| 801 |
|
0 |
|a RU
|b RuMRKP
|c 19950704
|g psbo
|
| 801 |
|
1 |
|a RU
|b 63413507
|c 20150907
|
| 801 |
|
2 |
|a RU
|b 63413507
|c 20170929
|g RCR
|
| 942 |
|
|
|c BK
|